| 000 | 00395 a2200157 4500 | ||
|---|---|---|---|
| 001 | 68794 | ||
| 020 | _a857208441-X | ||
| 040 | _cAnchieta - Itaigara | ||
| 100 | _aSorrente, Neusa | ||
| 240 | 1 | 0 |
_aChorinho de riacho e outros poemas para cantar _lpor |
| 245 | 1 | 0 | _aChorinho de riacho e outros poemas para cantar |
| 300 | _a31 | ||
| 362 | 0 | _a2006 | |
| 650 | 4 | _aLiteratura infantil | |
| 942 | _cBK | ||
| 999 |
_c68794 _d68794 |
||